Najlepiej sprzedające się rzeczy na świecie - Statystyki

Ogólne statystyki
  • Ten quiz został rozwiązany 45 razy
  • Średni wynik to 2 z 9
Statystyki odpowiedzi
Miejsce Odpowiedź % Poprawnych
8. iPhone
67%
1. Coca-Cola
51%
2. Chipsy Lay's
28%
3. PlayStation
15%
5. iPad
13%
9. Kostka Rubika
5%
6. Album "Thriller"Michaela Jacksona
3%
7. Książki o HarrymPotterze
3%
4. Toyota Corolla
3%
Nie znaleziono quizów pasujących do podanych kryteriów
Rozkład punktacji
Procent ludzi z każdym wynikiem
Percentyl według liczby udzielonych odpowiedzi
Twoja historia wyników
Nie rozwiązałeś tego quizu